000 00444nam a2200169Ia 4500
008 131103s9999 xx 000 0 und d
040 _aLoreto College
041 _aEnglish
082 _a824.91/BEN
_bLCLIB/1748
100 _aBenson, A C
245 _aRambles and reflections
_cA C Benson
260 _aLondon
_bjohn Murray
_c1926
300 _aviii,312p.
_c 21cm.
650 _aEnglish essays
850 _aLCLIB/824.91/BEN
942 _cBK
999 _c22768
_d73247